[Event "Rhein Main op-A 24th"]
[Site "Bad Homburg"]
[Date "2022.06.17"]
[Round "4"]
[White "Varma, Christopher"]
[Black "Chandler, Patrick"]
[Result "0-1"]
[WhiteElo "1890"]
[BlackElo "2157"]
[PlyCount "72"]
[EventDate "2022.06.15"]
[EventType "swiss"]
[EventRounds "7"]
[EventCountry "GER"]
[SourceTitle "EXT 2023"]
[Source "ChessBase"]
[SourceDate "2022.10.05"]
[SourceVersion "1"]
[SourceVersionDate "2022.10.05"]
[SourceQuality "1"]

1. e4 Nc6 2. Nf3 d6 3. d4 Nf6 4. Nc3 Bg4 5. d5 Nb8 6. h3 Bh5 7. Be3 c6 8. Be2 Bg6 9. Bd3 Nbd7 10. Nh4 Qa5 11. Nxg6 hxg6 12. Qd2 a6 13. 0-0 e5 14. dxe6 fxe6 15. f4 e5 16. a3 Qc7 17. b4 Be7 18. Qf2 Nh5 19. fxe5 Nxe5 20. Bb6 Qd7 21. Be2 Nf6 22. Rad1 Qe6 23. Qd4 g5 24. Bc7 g4 25. hxg4 Nfxg4 26. Bxg4 Nxg4 27. Rf3 Ne5 28. Rf5 g6 29. Rf2 Rh5 30. Kf1 Rh1+ 31. Ke2 Qg4+ 32. Rf3 Rh2 33. Qxe5 dxe5 34. Rdf1 Rxg2+ 35. Kd1 Bg5 36. Ne2 Qxe4 0-1

[Event "DSOL 02 Liga Gr-D 1st"]
[Site "Playchess.com INT"]
[Date "2020.08.11"]
[Round "2.4"]
[White "Varma, Christopher"]
[Black "Ehrecke, Felix"]
[Result "1/2-1/2"]
[WhiteElo "1864"]
[BlackElo "1482"]
[PlyCount "90"]
[EventDate "2020.06.22"]
[EventType "team-tourn (rapid)"]
[EventCountry "GER"]
[SourceTitle "EXT 2021"]
[Source "ChessBase"]
[SourceDate "2020.10.23"]
[SourceVersion "1"]
[SourceVersionDate "2020.10.23"]
[SourceQuality "1"]
[WhiteTeam "Oberursel"]
[BlackTeam "Stendal"]
[WhiteTeamCountry "GER"]
[BlackTeamCountry "GER"]

1. e4 c6 2. Nf3 d5 3. Nc3 Bg4 4. h3 Bxf3 5. Qxf3 e6 6. d3 Bc5 7. Qg3 Qf6 8. Be2 Na6 9. a3 Qg6 10. Qf3 Nf6 11. 0-0 h5 12. e5 Nd7 13. Bf4 Bd4 14. Bd2 Bxe5 15. b4 Qf6 16. Qxf6 Nxf6 17. Rab1 Nc7 18. Nd1 Nb5 19. f4 Bd6 20. c4 dxc4 21. dxc4 Nxa3 22. Rb3 Nc2 23. Bc3 Ne4 24. b5 Nxc3 25. Rxc3 Nd4 26. Bd3 Bb4 27. Rc1 c5 28. Rf2 0-0-0 29. Bf1 Nb3 30. Rb1 Nd2 31. Ra1 Nxf1 32. Rxf1 Kb8 33. f5 e5 34. f6 g6 35. Ra2 Rd3 36. Nf2 Rd7 37. Rfa1 b6 38. Re2 Bc3 39. Rc1 Bd4 40. Kf1 Bxf2 41. Kxf2 Re8 42. Rce1 Kc7 43. Rxe5 Rxe5 44. Rxe5 Kd6 45. Re8 Rc7 1/2-1/2

[Event "DSOL 02 Liga Gr-D 1st"]
[Site "Playchess.com INT"]
[Date "2020.07.28"]
[Round "6.2"]
[White "Sommer, Steffen"]
[Black "Varma, Christopher"]
[Result "1-0"]
[WhiteElo "1278"]
[BlackElo "1864"]
[PlyCount "99"]
[EventDate "2020.06.22"]
[EventType "team-tourn (rapid)"]
[EventCountry "GER"]
[SourceTitle "EXT 2021"]
[Source "ChessBase"]
[SourceDate "2020.10.23"]
[SourceVersion "1"]
[SourceVersionDate "2020.10.23"]
[SourceQuality "1"]
[WhiteTeam "Arnstadt Stadtilm"]
[BlackTeam "Oberursel"]
[WhiteTeamCountry "GER"]
[BlackTeamCountry "GER"]

1. e4 e6 2. d4 d5 3. exd5 exd5 4. Bd3 c5 5. Nf3 Nf6 6. 0-0 c4 7. Be2 Be7 8. c3 0-0 9. Re1 Nc6 10. b3 cxb3 11. axb3 Bf5 12. Nbd2 Rc8 13. Bb2 Qc7 14. Nf1 h6 15. Ne3 Bh7 16. Bd3 Ne4 17. Nxd5 Qd7 18. Nxe7+ Qxe7 19. Bxe4 Bxe4 20. Nd2 f5 21. Nxe4 fxe4 22. Ba3 Qf6 23. Bxf8 Rxf8 24. Qc2 h5 25. Rxe4 h4 26. h3 a6 27. Rae1 Qg6 28. Qe2 Qf7 29. Re8 Rxe8 30. Qxe8+ Qxe8 31. Rxe8+ Kf7 32. Rh8 Na5 33. b4 Nb3 34. Rxh4 a5 35. bxa5 Nxa5 36. Kf1 g6 37. Ke2 b5 38. Rh7+ Ke6 39. f4 Nc4 40. Rb7 Nd6 41. Rb6 Ke7 42. g4 Kd7 43. h4 Kc7 44. Ra6 Ne4 45. Rxg6 Nxc3+ 46. Kd3 Nd5 47. Ke4 Nc3+ 48. Ke5 b4 49. d5 b3 50. Rc6+ 1-0

[Event "Eschborn op"]
[Site "Eschborn"]
[Date "2019.08.17"]
[Round "3.19"]
[White "Densing, Gerd"]
[Black "Varma, Christopher"]
[Result "1-0"]
[WhiteElo "1673"]
[BlackElo "1855"]
[PlyCount "51"]
[EventDate "2019.08.16"]
[EventType "swiss"]
[EventRounds "5"]
[EventCountry "GER"]
[SourceTitle "EXT 2024"]
[Source "ChessBase"]
[SourceDate "2023.10.10"]
[SourceVersion "1"]
[SourceVersionDate "2023.10.10"]
[SourceQuality "1"]

1. d4 Nf6 2. Nf3 g6 3. Nc3 d5 4. Bf4 Bg7 5. Nb5 Na6 6. e3 c6 7. Nc3 Nb8 8. Be2 0-0 9. h4 Bg4 10. Ne5 Bxe2 11. Qxe2 Nbd7 12. h5 Nxe5 13. dxe5 Nd7 14. e6 fxe6 15. hxg6 hxg6 16. Qg4 Kf7 17. Rh3 Qa5 18. 0-0-0 Bxc3 19. bxc3 Nf6 20. Qg5 Qa3+ 21. Kb1 Ne4 22. Rh7+ Ke8 23. Qxg6+ Kd7 24. Be5 Rxf2 25. Qxe4 Rf1 26. Qd3 1-0

[Event "Rhein Main op-B 22nd"]
[Site "Bad Homburg"]
[Date "2019.06.20"]
[Round "2"]
[White "Varma, Christopher"]
[Black "Streit, Juergen"]
[Result "1-0"]
[WhiteElo "1842"]
[BlackElo "1873"]
[PlyCount "65"]
[EventDate "2019.06.19"]
[EventType "swiss"]
[EventRounds "7"]
[EventCountry "GER"]
[SourceTitle "EXT 2020"]
[Source "ChessBase"]
[SourceDate "2019.10.17"]
[SourceVersion "1"]
[SourceVersionDate "2019.10.17"]
[SourceQuality "1"]

1. e4 e5 2. Nf3 Nf6 3. Nc3 Bb4 4. Nxe5 0-0 5. Nd3 Bxc3 6. dxc3 Nxe4 7. Nf4 Re8 8. Be2 Nc6 9. 0-0 Ne7 10. c4 Ng6 11. Nh5 Qe7 12. Re1 Nc5 13. Be3 d6 14. Bd4 f6 15. b3 Bf5 16. Ng3 Qd7 17. b4 Na6 18. Nxf5 Qxf5 19. Bd3 Rxe1+ 20. Qxe1 Qd7 21. Bxg6 hxg6 22. Qe4 c5 23. Qd5+ Qf7 24. bxc5 dxc5 25. Be3 Rc8 26. Qe4 Rd8 27. g3 b6 28. a4 Nc7 29. a5 Ne6 30. axb6 axb6 31. Qc6 Nd4 32. Qxb6 Nxc2 33. Qxd8+ 1-0

[Event "Hessen-chA"]
[Site "Frankfurt"]
[Date "2019.06.01"]
[Round "6"]
[White "Diez, Gerhard"]
[Black "Varma, Christopher"]
[Result "1-0"]
[WhiteElo "1983"]
[BlackElo "1842"]
[PlyCount "31"]
[EventDate "2019.05.30"]
[EventType "swiss"]
[EventRounds "7"]
[EventCountry "GER"]
[SourceTitle "EXT 2020"]
[Source "ChessBase"]
[SourceDate "2019.10.17"]
[SourceVersion "1"]
[SourceVersionDate "2019.10.17"]
[SourceQuality "1"]

1. c4 Nf6 2. Nf3 g6 3. Nc3 Bg7 4. e4 d6 5. d4 0-0 6. h3 e5 7. Be3 exd4 8. Nxd4 Re8 9. Bd3 c6 10. 0-0 d5 11. cxd5 cxd5 12. Bb5 Re7 13. Rc1 dxe4 14. Nf5 Qc7 15. Nxe7+ Qxe7 16. Nd5 1-0

[Event "Hessen-chA"]
[Site "Frankfurt"]
[Date "2019.05.30"]
[Round "2"]
[White "Rosenberger, Frank"]
[Black "Varma, Christopher"]
[Result "1/2-1/2"]
[WhiteElo "2046"]
[BlackElo "1842"]
[PlyCount "31"]
[EventDate "2019.05.30"]
[EventType "swiss"]
[EventRounds "7"]
[EventCountry "GER"]
[SourceTitle "EXT 2020"]
[Source "ChessBase"]
[SourceDate "2019.10.17"]
[SourceVersion "1"]
[SourceVersionDate "2019.10.17"]
[SourceQuality "1"]

1. e4 e6 2. d4 d5 3. Nc3 Nf6 4. e5 Nfd7 5. f4 c5 6. Nf3 Nc6 7. Be3 cxd4 8. Nxd4 Bc5 9. Qd2 0-0 10. 0-0-0 a6 11. h4 Bxd4 12. Bxd4 b5 13. Kb1 Qa5 14. Ne2 Qxd2 15. Rxd2 b4 16. Bf2 1/2-1/2

[Event "Hofheim Spring op-B 7th"]
[Site "Hofheim"]
[Date "2019.04.26"]
[Round "6"]
[White "Varma, Christopher"]
[Black "Mehlen, Theodor"]
[Result "1-0"]
[WhiteElo "1810"]
[BlackElo "1865"]
[PlyCount "81"]
[EventDate "2019.04.23"]
[EventType "swiss"]
[EventRounds "9"]
[EventCountry "GER"]
[SourceTitle "CBM 190 Extra"]
[Source "ChessBase"]
[SourceDate "2019.07.15"]
[SourceVersion "1"]
[SourceVersionDate "2019.07.15"]
[SourceQuality "1"]

1. e4 e6 2. d4 d5 3. Nc3 dxe4 4. Nxe4 Bd7 5. Nf3 Bc6 6. Bd3 Nd7 7. 0-0 Ngf6 8. Nxf6+ Nxf6 9. Bf4 Bxf3 10. Qxf3 c6 11. Be5 Nd7 12. Bf4 Be7 13. Rfe1 0-0 14. c4 Bf6 15. Rad1 g6 16. Be3 Nb6 17. b3 Bg7 18. a4 a5 19. Bc2 Qf6 20. Qg3 Qd8 21. Bf4 Rc8 22. Be5 Nd7 23. Bf4 Nf6 24. Be3 Qe7 25. Bd2 Ra8 26. Bc3 Rfd8 27. Qh4 Nd5 28. Qxe7 Nxe7 29. Re3 Rd7 30. h3 b6 31. Be4 Rad8 32. Red3 f5 33. Bf3 e5 34. Be2 exd4 35. Bd2 Kf7 36. c5 bxc5 37. Bxa5 Rb8 38. Rc1 Rdb7 39. Rxc5 Rxb3 40. Rxb3 Rxb3 41. Bc4+ 1-0

[Event "Hessen Cup Goldener Springer"]
[Site "Griesheim"]
[Date "2019.01.19"]
[Round "3"]
[White "Pessotschinski, Eduard"]
[Black "Varma, Christopher"]
[Result "0-1"]
[WhiteElo "1414"]
[BlackElo "1814"]
[PlyCount "98"]
[EventDate "2019.01.18"]
[EventType "swiss"]
[EventRounds "6"]
[EventCountry "GER"]
[SourceTitle "EXT 2020"]
[Source "ChessBase"]
[SourceDate "2019.10.17"]
[SourceVersion "1"]
[SourceVersionDate "2019.10.17"]
[SourceQuality "1"]

1. e4 e6 2. d4 d5 3. Nc3 Nf6 4. e5 Nfd7 5. Nf3 c5 6. Be3 Nc6 7. Bb5 Be7 8. 0-0 0-0 9. Qd2 a6 10. Bxc6 bxc6 11. a3 cxd4 12. Bxd4 c5 13. Be3 d4 14. Nxd4 cxd4 15. Qxd4 Qc7 16. Bf4 Bb7 17. Rfd1 Rfd8 18. Qe3 Qc6 19. Qg3 Nf8 20. h4 Ng6 21. Bg5 Bxg5 22. hxg5 Qc7 23. f4 Ne7 24. Rd3 Nf5 25. Qh3 Rxd3 26. cxd3 Rd8 27. Ne4 Bxe4 28. dxe4 Qb6+ 29. Kh2 Ne7 30. b4 Qf2 31. Qg4 Ng6 32. Qg3 Qxf4 33. Qxf4 Nxf4 34. a4 g6 35. b5 axb5 36. axb5 Rb8 37. Rb1 Nd3 38. Kg3 Kf8 39. Kf3 Nxe5+ 40. Ke3 Rd8 41. Rb3 Nc4+ 42. Kf4 e5+ 43. Kg3 Rb8 44. Kf2 Nd6 45. Ke3 Rxb5 46. Rd3 Ke7 47. Rd5 Nf5+ 48. Kd3 Rxd5+ 49. exd5 Kd6 0-1

[Event "Frankfurt-chA"]
[Site "Frankfurt"]
[Date "2018.05.28"]
[Round "4"]
[White "Varma, Christopher"]
[Black "Steiz, Johann"]
[Result "1/2-1/2"]
[WhiteElo "1816"]
[BlackElo "1681"]
[PlyCount "55"]
[EventDate "2018.04.30"]
[EventType "swiss"]
[EventRounds "7"]
[EventCountry "GER"]
[SourceTitle "EXT 2019"]
[Source "ChessBase"]
[SourceDate "2018.10.10"]
[SourceVersion "1"]
[SourceVersionDate "2018.10.10"]
[SourceQuality "1"]

1. e4 e6 2. d4 d5 3. Nc3 Nc6 4. e5 f6 5. exf6 Nxf6 6. Nf3 Bd7 7. Bf4 Bb4 8. Bd3 0-0 9. Bg5 Qe8 10. 0-0 Qh5 11. Bxf6 Rxf6 12. Ne5 Qxd1 13. Raxd1 Nxe5 14. dxe5 Rf7 15. Ne2 Raf8 16. c3 Bc5 17. Nd4 Bb6 18. Nf3 g6 19. Rd2 Kg7 20. c4 c6 21. b4 Bd8 22. Rb1 a6 23. a4 Be8 24. b5 axb5 25. Nd4 Bd7 26. cxd5 cxd5 27. Bxb5 Bc8 28. Bd3 1/2-1/2

[Event "Hessen-chB"]
[Site "Frankfurt"]
[Date "2018.05.11"]
[Round "3"]
[White "Rabiya, Karim"]
[Black "Varma, Christopher"]
[Result "0-1"]
[WhiteElo "1643"]
[BlackElo "1811"]
[PlyCount "70"]
[EventDate "2018.05.10"]
[EventType "swiss"]
[EventRounds "7"]
[EventCountry "GER"]
[SourceTitle "EXT 2019"]
[Source "ChessBase"]
[SourceDate "2018.10.10"]
[SourceVersion "1"]
[SourceVersionDate "2018.10.10"]
[SourceQuality "1"]

1. e4 e6 2. d4 d5 3. Nc3 Nf6 4. Bg5 Bb4 5. Bd3 c5 6. exd5 Qxd5 7. Bxf6 gxf6 8. Bb5+ Bd7 9. Bxd7+ Nxd7 10. Nf3 Qc4 11. Qd3 Qxd3 12. cxd3 cxd4 13. Nxd4 Ne5 14. 0-0-0 0-0-0 15. Nce2 Ng4 16. Rhf1 Nxh2 17. Rh1 Ng4 18. Rh4 Ne5 19. Rdh1 Bc5 20. Kd2 Ng6 21. Nxe6 Nxh4 22. Nxd8 Nf3+ 23. gxf3 Kxd8 24. d4 Bd6 25. Rh6 Ke7 26. Ke3 Ke6 27. f4 Bf8 28. Rh1 Bd6 29. a3 h5 30. Ke4 f5+ 31. Kd3 Kd5 32. b4 h4 33. Ke3 Kc4 34. Ng3 Re8+ 35. Kd2 Bxf4+ 0-1

[Event "Hofheim Spring op-B 6th"]
[Site "Hofheim"]
[Date "2018.04.06"]
[Round "6"]
[White "Varma, Christopher"]
[Black "Reuter, Elisa"]
[Result "1/2-1/2"]
[WhiteElo "1811"]
[BlackElo "1842"]
[PlyCount "37"]
[EventDate "2018.04.03"]
[EventType "swiss"]
[EventRounds "9"]
[EventCountry "GER"]
[SourceTitle "EXT 2020"]
[Source "ChessBase"]
[SourceDate "2019.10.17"]
[SourceVersion "1"]
[SourceVersionDate "2019.10.17"]
[SourceQuality "1"]

1. e4 c5 2. Nf3 Nc6 3. Bb5 g6 4. Bxc6 bxc6 5. 0-0 Bg7 6. Re1 e5 7. c3 Ne7 8. d4 cxd4 9. cxd4 exd4 10. Nxd4 0-0 11. Nc3 Rb8 12. Nb3 Qc7 13. Bg5 d6 14. Rc1 h6 15. Bf4 Rd8 16. Nd5 Nxd5 17. Qxd5 cxd5 18. Rxc7 Rb7 19. Rc6 1/2-1/2

[Event "Hofheim Spring op-B 6th"]
[Site "Hofheim"]
[Date "2018.04.05"]
[Round "4"]
[White "Varma, Christopher"]
[Black "Guertler, Karl Heinz"]
[Result "0-1"]
[WhiteElo "1811"]
[BlackElo "1922"]
[PlyCount "112"]
[EventDate "2018.04.03"]
[EventType "swiss"]
[EventRounds "9"]
[EventCountry "GER"]
[SourceTitle "EXT 2020"]
[Source "ChessBase"]
[SourceDate "2019.10.17"]
[SourceVersion "1"]
[SourceVersionDate "2019.10.17"]
[SourceQuality "1"]

1. e4 e5 2. Nf3 d6 3. d4 exd4 4. Nxd4 Nf6 5. Nc3 Be7 6. g3 0-0 7. Bg2 Bg4 8. f3 Bd7 9. 0-0 c5 10. Nde2 Nc6 11. Nf4 Nd4 12. a4 Bc6 13. Be3 Ne6 14. Nfd5 Nc7 15. Nxe7+ Qxe7 16. Qd2 d5 17. exd5 Nfxd5 18. Bf2 b6 19. Rfe1 Qf6 20. f4 Rad8 21. Ne4 Qg6 22. Qe2 Rfe8 23. Qc4 Nb4 24. Ng5 Bxg2 25. Rxe8+ Rxe8 26. Kxg2 h6 27. Nf3 Qxc2 28. Qxc2 Nxc2 29. Rc1 Ne3+ 30. Bxe3 Rxe3 31. b4 Ne6 32. Ne5 f6 33. Ng4 Re2+ 34. Kf1 Ra2 35. f5 Nd4 36. bxc5 bxc5 37. Rxc5 Rxa4 38. Rc8+ Kh7 39. Rc7 Nxf5 40. Nxf6+ Kg6 41. Ne8 a5 42. Kg2 h5 43. Rc6+ Kf7 44. Nc7 Ra2+ 45. Kg1 Nd4 46. Rc5 Nf3+ 47. Kf1 Nxh2+ 48. Ke1 Nf3+ 49. Kd1 g6 50. Nb5 a4 51. Rc4 g5 52. Nc3 Rd2+ 53. Kc1 a3 54. Rc5 Ke6 55. Ra5 a2 56. Nxa2 Rg2 0-1

[Event "Hessen-chB"]
[Site "Marburg"]
[Date "2017.??.??"]
[Round "5"]
[White "Blaschke, Henri Johannes"]
[Black "Varma, Christopher"]
[Result "1/2-1/2"]
[WhiteElo "1777"]
[BlackElo "1807"]
[PlyCount "36"]
[EventDate "2017.05.24"]
[EventType "swiss"]
[EventRounds "7"]
[EventCountry "GER"]
[SourceTitle "EXT 2018"]
[Source "ChessBase"]
[SourceDate "2017.10.13"]
[SourceVersion "1"]
[SourceVersionDate "2017.10.13"]
[SourceQuality "1"]

1. d4 Nf6 2. Nf3 g6 3. c4 Bg7 4. Nc3 0-0 5. Bf4 d6 6. e3 Nbd7 7. Be2 b6 8. h3 Bb7 9. Qc2 Qe8 10. Bh2 a6 11. 0-0 e5 12. Rfe1 Qe7 13. Rad1 Rfe8 14. dxe5 Nxe5 15. Nxe5 dxe5 16. Rd2 Red8 17. Red1 Ne8 18. Nd5 Qe6 1/2-1/2